| 000 | 00555nam a22001817a 4500 | ||
|---|---|---|---|
| 999 |
_c525725 _d525725 |
||
| 003 | NUST | ||
| 005 | 20190704060206.0 | ||
| 038 | _aFaiza | ||
| 082 |
_a297 _bNAJ |
||
| 100 |
_aNajam Ul Haq _916664 |
||
| 245 |
_aIslam Main qiam e aman aur haal tanazaat/ _cNajam Ul Haq |
||
| 260 |
_aIslamabad: _bPakistan Markaz baray mataliat Aman, _c2009. |
||
| 300 | _a189p. ; | ||
| 500 | _aPaper Cover | ||
| 880 |
_6100-01\r _aمولانا نجم الحق |
||
| 880 |
_6245-02\r _a /اِسلام میں قیامِ امن اور حل تنازعات |
||
| 942 |
_2ddc _cBK |
||